Declining sex ratio in India: A case study of Haryana (Record no. 393574)

MARC details
000 -LEADER
fixed length control field 00452nam a2200169 4500
005 - DATE & TIME
control field 20251003104614.0
008 - FIXED-LENGTH DATA ELEMENTS--GENERAL INFORMATION
fixed length control field 251003b |||||||| |||| 00| 0 eng d
040 ## - CATALOGING SOURCE
Original cataloging agency VIVEKANANDA LIBRARY
082 ## - DDC NUMBER
Classification number 330.954
Book Number S58D
100 ## - MAIN ENTRY--PERSONAL NAME
Personal name Soni
245 ## - TITLE STATEMENT
Title Declining sex ratio in India: A case study of Haryana
260 ## - PUBLICATION, DISTRIBUTION, ETC. (IMPRINT)
Name of publisher, distributor, etc Department of Economics, M D University, Rohtak
Date of publication, distribution, etc 2024
300 ## - PHYSICAL DESCRIPTION
Pages 175
650 ## - Subject
Subject Economics
700 ## - Added Entry Personal Name
Added Entry Personal Name Chakravarty, Kavita
942 ## - ADDED ENTRY ELEMENTS (KOHA)
Koha item type Thesis
Holdings
Withdrawn status Lost status Source of classification or shelving scheme Damaged status Not for loan Location (home branch) Sublocation or collection (holding branch) Shelving location Date acquired Koha issues (times borrowed) Koha full call number Accession No. Koha date last seen Copy number Koha item type
    Dewey Decimal Classification     VIVEKANANDA LIBRARY VIVEKANANDA LIBRARY Vivekananda Library 03/10/2025   330.954 S58D 411218 03/10/2025 R Thesis
© Designed and Maintained by Vivekananda Library, MDU Rohtak